Štatistiky nezamestnaných sa začínajú čistiť

Zmeny v legislatíve prispeli k zvýšenému odlevu nezamestnaných z evidencie úradov práce. Spolupráca samosprávy s okresnými úradmi práce pri evidovaní nezamestnaných a ich zapájaní do menších obecných služieb. Zmeny v oblasti financovania aktívnej politiky trhu práce. Udržiavanie a obnovovanie pracov...

Descrizione completa

Salvato in:
Dettagli Bibliografici
Autore principale: Horníková, Zuzana
Natura: Capitolo di libro
Lingua:slovacco
Soggetti:
Tags: Aggiungi Tag
Nessun Tag, puoi essere il primo ad aggiungerne!!

MARC

LEADER 00000naa a2200000 4500
001 r048334
005 20230921114624.9
041 0 |a slo 
044 |a SK 
245 1 0 |a Štatistiky nezamestnaných sa začínajú čistiť  |c Zuzana Horníková 
520 |a Zmeny v legislatíve prispeli k zvýšenému odlevu nezamestnaných z evidencie úradov práce. Spolupráca samosprávy s okresnými úradmi práce pri evidovaní nezamestnaných a ich zapájaní do menších obecných služieb. Zmeny v oblasti financovania aktívnej politiky trhu práce. Udržiavanie a obnovovanie pracovných návykov. Práce v prospech obce - úloha pre starostov. Miera evidovanej nezamestnanosti v SR. 
610 2 0 |a nezamestnanosť 
610 2 0 |a samospráva 
610 2 0 |a obce 
610 2 0 |a práce verejnoprospešné 
610 2 0 |a úrady práce 
610 2 0 |a evidencia 
610 2 0 |a Slovensko 
610 2 0 |a legislatíva 
100 1 |a Horníková, Zuzana